000 00482nam a22001931a 4500
001 18806
003 OSt
005 20260204212422.0
008 180904s2011||||ck ||||||b||||||||||spa||
020 _a9789588564081
082 _a624.1834 SA194d
100 _aSánchez de Guzmán,Diego
245 _aDurabilidad y patología del concreto/Diego Sánchez de Guzmán
250 _a2
264 _aBogotá: Asocreto
300 _a181 p.
650 _aHormigónÌ
942 _2ddc
_cBK
999 _c18806
_d18806